|
|
|
|
| LEADER |
01091nam a2200205 a 4500 |
| 001 |
GR-Patra17531 |
| 008 |
040607s1998 gr g 000 0 gre d |
| 040 |
|
|
|a GrPaTEI
|b gre
|c GR-PaULI
|
| 040 |
|
|
|a GrPaTEI
|b gre
|c GR-PaULI
|
| 082 |
|
0 |
|a 336.242
|2 21
|
| 245 |
0 |
0 |
|a Δηλώσεις '98 ; Ipirotiki publications.
|
| 260 |
|
|
|a Αθήνα :
|b Ipirotiki publications,
|c 1998
|
| 300 |
|
|
|a 542σ.
|
| 500 |
|
|
|a Το αντίτυπο είναι αντικατάσταση του βιβλίου με αριθμό εισαγωγής 17924 και τίτλο «Κώδικας φορολογικών βιβλίων και στοιχείων: πρακτικό βοήθημα του Δημήτρη Παρ. Σταματόπουλου»
|
| 650 |
|
4 |
|a Φορολογία εισοδήματος
|
| 710 |
0 |
|
|a Ipirotiki publications
|
| 942 |
|
|
|2 ddc
|
| 952 |
|
|
|0 0
|1 0
|2 ddc
|4 0
|6 336_242000000000000_ΔΗΛ
|7 0
|9 297391
|a LISK
|b LISK
|c BSC
|d 2021-01-17
|e 24
|f 0
|g 0.00
|l 0
|o 336.242 ΔΗΛ
|p 92410025214
|r 2021-01-17 00:00:00
|t 1
|w 2021-01-17
|y BK15
|x 20040607 0 1
|x GrPaTEI
|
| 971 |
|
|
|a .b26650460
|b 15-04-20
|c 23-09-16
|
| 999 |
|
|
|c 173275
|d 173275
|